<?xml version="1.0" encoding="UTF-8"?>
<collection xmlns="http://www.loc.gov/MARC21/slim">
 <record>
  <leader>01582nam a22002537a 4500</leader>
  <controlfield tag="001">NCT_60704</controlfield>
  <controlfield tag="008">190228b        xxu||||| |||| 00| 0 vie d</controlfield>
  <datafield tag="999" ind1=" " ind2=" ">
   <subfield code="c">2943</subfield>
   <subfield code="d">2943</subfield>
  </datafield>
  <datafield tag="020" ind1=" " ind2=" ">
   <subfield code="c">72000</subfield>
  </datafield>
  <datafield tag="082" ind1="0" ind2="4">
   <subfield code="2">23rd ed.</subfield>
   <subfield code="a">616.2</subfield>
   <subfield code="b">Tr513</subfield>
  </datafield>
  <datafield tag="100" ind1="1" ind2=" ">
   <subfield code="a">Lê Trung</subfield>
  </datafield>
  <datafield tag="245" ind1="1" ind2="0">
   <subfield code="a">Các bệnh hô hấp nghề nghiệp</subfield>
   <subfield code="c">Lê Trung</subfield>
  </datafield>
  <datafield tag="250" ind1=" " ind2=" ">
   <subfield code="a">Tái bản lần thứ 1</subfield>
  </datafield>
  <datafield tag="260" ind1=" " ind2=" ">
   <subfield code="a">H.</subfield>
   <subfield code="b">Y học</subfield>
   <subfield code="c">2009</subfield>
  </datafield>
  <datafield tag="300" ind1=" " ind2=" ">
   <subfield code="a">533 tr.</subfield>
   <subfield code="c">19cm</subfield>
  </datafield>
  <datafield tag="520" ind1="3" ind2=" ">
   <subfield code="a">Sách trình bày đại cương về hô hấp nghề nghiệp, các bệnh phổi --phế quản nghề nghiệp, các bệnh bụi phổi, bệnh bụi phổi-silic và các bệnh hô hấp nghề nghiệp khác.</subfield>
  </datafield>
  <datafield tag="653" ind1=" " ind2=" ">
   <subfield code="a">Y Đa khoa</subfield>
  </datafield>
  <datafield tag="942" ind1=" " ind2=" ">
   <subfield code="2">ddc</subfield>
   <subfield code="c">BK</subfield>
  </datafield>
  <datafield tag="952" ind1=" " ind2=" ">
   <subfield code="0">0</subfield>
   <subfield code="1">0</subfield>
   <subfield code="2">ddc</subfield>
   <subfield code="4">0</subfield>
   <subfield code="6">616_200000000000000_TR513</subfield>
   <subfield code="7">0</subfield>
   <subfield code="9">15875</subfield>
   <subfield code="a">000001</subfield>
   <subfield code="b">000001</subfield>
   <subfield code="d">2019-02-28</subfield>
   <subfield code="o">616.2 Tr513</subfield>
   <subfield code="p">MD.14716</subfield>
   <subfield code="r">2019-02-28</subfield>
   <subfield code="v">72000.00</subfield>
   <subfield code="w">2019-02-28</subfield>
   <subfield code="y">BK</subfield>
  </datafield>
  <datafield tag="952" ind1=" " ind2=" ">
   <subfield code="0">0</subfield>
   <subfield code="1">0</subfield>
   <subfield code="2">ddc</subfield>
   <subfield code="4">0</subfield>
   <subfield code="6">616_200000000000000_TR513</subfield>
   <subfield code="7">0</subfield>
   <subfield code="9">15876</subfield>
   <subfield code="a">000001</subfield>
   <subfield code="b">000001</subfield>
   <subfield code="d">2019-02-28</subfield>
   <subfield code="o">616.2 Tr513</subfield>
   <subfield code="p">MD.14717</subfield>
   <subfield code="r">2019-02-28</subfield>
   <subfield code="v">72000.00</subfield>
   <subfield code="w">2019-02-28</subfield>
   <subfield code="y">BK</subfield>
  </datafield>
  <datafield tag="952" ind1=" " ind2=" ">
   <subfield code="0">0</subfield>
   <subfield code="1">0</subfield>
   <subfield code="2">ddc</subfield>
   <subfield code="4">0</subfield>
   <subfield code="6">616_200000000000000_TR513</subfield>
   <subfield code="7">0</subfield>
   <subfield code="9">15877</subfield>
   <subfield code="a">000001</subfield>
   <subfield code="b">000001</subfield>
   <subfield code="d">2019-02-28</subfield>
   <subfield code="o">616.2 Tr513</subfield>
   <subfield code="p">MD.14718</subfield>
   <subfield code="r">2019-02-28</subfield>
   <subfield code="v">72000.00</subfield>
   <subfield code="w">2019-02-28</subfield>
   <subfield code="y">BK</subfield>
  </datafield>
  <datafield tag="952" ind1=" " ind2=" ">
   <subfield code="0">0</subfield>
   <subfield code="1">0</subfield>
   <subfield code="2">ddc</subfield>
   <subfield code="4">0</subfield>
   <subfield code="6">616_200000000000000_TR513</subfield>
   <subfield code="7">0</subfield>
   <subfield code="9">15878</subfield>
   <subfield code="a">000001</subfield>
   <subfield code="b">000001</subfield>
   <subfield code="d">2019-02-28</subfield>
   <subfield code="o">616.2 Tr513</subfield>
   <subfield code="p">MD.14719</subfield>
   <subfield code="r">2019-02-28</subfield>
   <subfield code="v">72000.00</subfield>
   <subfield code="w">2019-02-28</subfield>
   <subfield code="y">BK</subfield>
  </datafield>
  <datafield tag="952" ind1=" " ind2=" ">
   <subfield code="0">0</subfield>
   <subfield code="1">0</subfield>
   <subfield code="2">ddc</subfield>
   <subfield code="4">0</subfield>
   <subfield code="6">616_200000000000000_TR513</subfield>
   <subfield code="7">0</subfield>
   <subfield code="9">15879</subfield>
   <subfield code="a">000001</subfield>
   <subfield code="b">000001</subfield>
   <subfield code="d">2019-02-28</subfield>
   <subfield code="o">616.2 Tr513</subfield>
   <subfield code="p">MD.14720</subfield>
   <subfield code="r">2019-02-28</subfield>
   <subfield code="v">72000.00</subfield>
   <subfield code="w">2019-02-28</subfield>
   <subfield code="y">BK</subfield>
  </datafield>
  <datafield tag="980" ind1=" " ind2=" ">
   <subfield code="a">Thư viện Trường Đại học Nam Cần Thơ</subfield>
  </datafield>
 </record>
</collection>
